000 00297nam a22001217a 4500
082 _a891.4391 AMJ
100 _aAMJAD ISLAM AMJAD
_99447
245 _aKALAY LOGOON KI ROSHAN NAZMAIN
260 _aLAHORE
_bJANG PUBLISHER
_c1991
300 _a96P
650 _aURDU ADAB-POETRY
_928226
942 _cBK
999 _c582329
_d582329